Toutes les légendes de Brawhalla - Statistiques

Statistiques générales
  • Ce quiz a été pris 38 fois
    35 depuis la dernière actualisation
  • Le résultat moyen est 27 sur 63
Statistiques - réponses
Armes Titre Légende % Correct
Épée/Marteau L'Irréductible Viking, Le Grand Ours Bodvar
84%
Gants/Faux Le Vorace Mordex
74%
Lance-Fusée/Lance Le Mystérieux Étranger Orion
74%
Marteau/Lance-Fusée Dame Nécessité, la "De Vinci"à vapeur Scarlet
74%
Pistolets/Marteau La Shérif du Far West Cassidy
68%
Dagues/Lance La Reine Jaguar Queen Nai
68%
Lance-Fusée/Faux La Réponse Artemis
63%
Lance/Épée L'Épouse démoniaque Hattori
63%
Arc/Épée Le Vagabond,La lame de l'Honneur Koji
63%
Pistolets/Faux Faucheur freelance Nix
63%
Hache/Marteau Le Minotaure Teros
58%
Marteau/Orbe Le Dieu du Tonnerre Thor
58%
Pistolets/Lance Le Fantôme dans la machine Ada
53%
Marteau/Lance Le Premier Authentique Être Humain Gnash
53%
Pistolets/Lance-Fusée Le Despotique Lord Vraxx
53%
Faux/Lance Le Tisseur de dunes Mirage
53%
Lance-Fusée/Épée Le Lion écarlate Sir Roland
53%
Hache/Lance Électrice des trépassé,Tueuse des élus Brynn
47%
Pistolets/Arc La Chausseuse de monstres Diana
47%
Gants/Marteau Le Rocher Kor
47%
Pistolets/Dagues Le Bandit de grand chemin Lucien
47%
Marteau/Dagues Le Marteau de justice Sentinel
47%
Hache/Lance-Fusée L'Enclume inflexible, le Fils d'Ivaldi Ulgrim
47%
Arc/Marteau La Kitsune Yumiko
47%
Dagues/Épée La Traqueuse nocturne Asuri
42%
Gants/Dagues Le Maitre Voleur Caspian
42%
Orbe/Lance Le Sorcier Renégat Dusk
42%
Arc/Dagues La Filledu Bois-de-croc Ember
42%
Orbe/Faux La Murmureuse d'Étoiles Fait
42%
Faux/Épée L'Ombre du shogun Jiro
42%
Canon/Gants La Gargouille Onyx
42%
Hache/Dagues Le Dragon Ragnir
42%
Gants/Épée L'Arme Val
42%
Gants/Lance Le Voyageur Wu Shang
42%
Hache/Canon Le Commandeur de fer Xull
42%
Arc/Gants Le Céleste Zariel
42%
Hache/Pistolets Coeur de Diesel, Seigneur de la Friche Barraza
37%
Pistolets/Gants Le Faiseur de Pactes Cross
37%
Dagues/Grande Épée Le Requin Mako
37%
Gants/Orbe Le Sombrecoeur Petra
37%
Hache/Gants Champion de la croisée des rêves Rayman
37%
Bottes de combat/Gants Le Luchador Tezca
37%
Pistolets/Épée Le Zinzin de la Barbade Thatch
37%
Hache/Faux Le Roi Vampire Volkov
37%
Pistolets/Canon Le Spécialiste Isaiah
32%
Canon/Dagues L'Enseignante Lin Fei
32%
Marteau/Grande Épée Le Chevalier Fantôme Magyar
32%
Arc/Faux Le Corbeau Munin
32%
Bottes de combat/Orbe Le Dernier Sentai Red Raptor
32%
Canon/Épée La Reine corsaire Sidra
32%
Orbe/Épée Le Maitre Assassin Ezio
26%
Grande Épée/Épée Le Mercenaire Jaeyun
26%
Hache/Épée L'insoumise Jhala
26%
Arc/Lance La Naturelle Kaya
26%
Pistolets/Orbe Le Chasseur de primes Reno
26%
Canon/Lance L'ingénieur du coeur libre Seven
26%
Bottes de combat/Lance-Fusée Le Bolide Thea
26%
Arc/Lance-Fusée Le Superbot Vector
26%
Grande Épée/Lance La Reine Fée Arcadia
21%
Hache/Arc La Dynastie d'un seul homme Azoth
21%
Hache/Grande Épée Le chef guerrier Imugi
21%
Bottes de combat/Pistolets La danseuse mortelle Vivi
21%
Dagues/Faux Le Cerveau Loki
16%
Aucun quiz correspondant
Distribution des résultats
% des personnes avec chaque résultat
Percentile par nombre de réponses
Votre historique - résultats
Vous n’avez pas pris ce quiz depuis la dernière actualisation